Ekonomické a sociálne dopady nezamestnanosti vo vybranom regióne Slovenska bakalárska práca

Uložené v:
Podrobná bibliografia
Hlavný autor: Schwarzová, Alexandra
Korporativný autor: Národohospodárska fakulta EU. Katedra hospodárskej politiky
Ďalší autori: Morvay, Karol, 1973-
Médium: Kniha
Jazyk:Slovak
Vydavateľské údaje: Bratislava 2020
Tagy: Pridať tag
Žiadne tagy, Buďte prvý, kto otaguje tento záznam!

MARC

LEADER 00000nbm a2200000 4500
001 0265648
005 20200918112142.8
041 0 |a slo 
044 |a SK 
245 1 0 |a Ekonomické a sociálne dopady nezamestnanosti vo vybranom regióne Slovenska  |b bakalárska práca  |c Alexandra Schwarzová ; školiteľ: Karol Morvay 
264 1 |a Bratislava  |c 2020 
300 |a 49 s. 
100 1 |a Schwarzová, Alexandra 
700 1 |a Morvay, Karol, 1973- 
710 2 |a Národohospodárska fakulta EU. Katedra hospodárskej politiky